pochettes albums - Statistiques

Statistiques générales
  • Ce quiz a été pris 134 fois
  • Le résultat moyen est 32 sur 52
Statistiques - réponses
Par images Réponse % Correct
Jul
99%
Orelsan
97%
Kaaris
94%
PLK
94%
PNL
93%
Damso
92%
Booba
91%
Hamza
88%
Koba la d
87%
Nekfeu
87%
SCH
87%
Niska
86%
MHD
85%
Lomepal
83%
Keblack
82%
Billie eilish
79%
Werenoi
78%
Gradur
75%
Josman
73%
Vald
70%
Lana del rey
69%
Tayc
69%
Maes
67%
Aya nakamura
65%
MZ
63%
Kalash criminel
61%
SDM
61%
Laylow
59%
Oboy
58%
Tiakola
58%
Djadja et dinaz
57%
Frank ocean
57%
Leto
54%
Green montana
53%
Sneazzy
52%
Columbine
51%
Georgio
49%
Jok'air
49%
Squidji
47%
Dinos
45%
Fauve
40%
Wallace cleaver
40%
Luidji
39%
Zamdane
36%
Ashh
35%
Benash
28%
Bekar
27%
Dali
23%
Rounhaa
20%
Kikesa
8%
Odezenne
6%
Sean
4%
Aucun quiz correspondant
Distribution des résultats
% des personnes avec chaque résultat
Percentile par nombre de réponses
Votre historique - résultats
Vous n’avez pas pris ce quiz